Návrh biotechnologickej produkcie aspartámu bakalárska práca

Saved in:
Bibliographic Details
Main Author: Schneider, Ivan
Format: Book
Language:Slovak
Published: Bratislava STU FCHPT 2018
Online Access:View in OPAC
Tags: Add Tag
No Tags, Be the first to tag this record!

MARC

LEADER 00000nam a2200000 a 4500
005 20260127134342.0
008 181022 2018 xo a 001 0 slo d
035 |a vtls011786764 
039 9 |y 201810221457  |z mschk03 
040 |a STUSCHK1  |b slo  |c STUSCHK1  |e AACR2 
100 1 |a Schneider, Ivan 
245 1 |a Návrh biotechnologickej produkcie aspartámu  |b bakalárska práca  |c Ivan Schneider 
260 |a Bratislava  |b STU FCHPT  |c 2018 
300 |a 63 s.  |b il.  |c 25 cm 
500 |a Študijný program: chemické inžinierstvo 
500 |a Študijný odbor: chemické inžinierstvo 
500 |a Školiace pracovisko: Ústav chemického a environmentálneho inžinierstva 
500 |a Evid. číslo: FCHPT-5431-76877 
910 |a SCHK95 
999 |c 10596  |d 10596